Statistics for States Without A MLB or NFL Team

Click here to take the quiz!

General Stats

  • This quiz has been taken 83 times
  • The average score is 24 of 28

Answer Stats

% Correct
South Dakota
95%
North Dakota
95%
Hawaii
93%
Alaska
92%
Kentucky
90%
Wyoming
89%
South Carolina
89%
Maine
88%
New Mexico
88%
Montana
88%
Oregon
88%
Arkansas
86%
Alabama
86%
Mississippi
85%
Idaho
85%
Delaware
85%
Vermont
84%
New Hampshire
84%
Nevada
81%
Iowa
79%
West Virginia
78%
Rhode Island
78%
Utah
78%
Kansas
78%
Connecticut
78%
Virginia
77%
Nebraska
74%
Oklahoma
73%

Score Distribution

Percentile by Number Answered

Percent of People with Each Score

Your Score History

You have not taken this quiz